MARC

LEADER 00000nam0a2200000 4500
001 100568
005 20231031112138.0
010 |a 5170327951  |b (АСТ) (в пер.)  |b 5000 экз.  |b (АСТ Москва) 
010 |a 5-9713-0321-X 
021 |a RU  |b 05-78819  |9 05-3889 
035 |a (RuTPU)RU\TPU\book\108213 
090 |a 100568 
100 |a 20060824d2006 m y0rusy5002 ca 
101 1 |a rus  |c eng 
102 |a RU 
105 |a y z 000ay 
200 1 |a Код бытия  |e роман  |g пер. с англ. Г. Б. Косов  |f Д. Кейз 
210 |a Москва  |c АСТ Москва  |c Транзиткнига  |d 2006 
215 |a 478 с. 
225 1 |a Интеллектуальный детектив  |e ИД 
225 1 |a The best mystery 
225 1 |a Детектив XXI века 
610 1 |a детективные романы 
610 1 |a американская литература 
675 |a 82  |v 3  |z rus 
700 1 |a Кейз  |b Д.  |g Джон  |4 070 
702 1 |a Косов  |b Г.Б.  |4 730 
801 0 |a RU  |b RKP  |c 20060202  |g PSBO 
801 1 |a RU  |b 63413507  |c 20060824  |g PSBO 
801 2 |a RU  |b 63413507  |c 20060829  |g PSBO 
942 |c BK